[Event "Tallinn-J"]
[Site "Tallinn"]
[Date "1997.??.??"]
[Round "10"]
[White "Shishkov, Andrei"]
[Black "Stepanov, Timofej"]
[Result "0-1"]
[WhiteElo "2175"]
[BlackElo "2200"]

1.d4 Nf6 2.c4 e6 3.Nc3 Bb4 4.Qc2 O-O 5.Bg5 h6 6.Bh4 b6 7.a3 Bxc3+ 8.Qxc3 c5
9.dxc5 bxc5 10.e3 d6 11.Nf3 Nbd7 12.Nd2 Bb7 13.Rg1 g5 14.Bg3 e5 15.Bd3 a5
16.Qc2 Ra6 17.O-O-O Qa8 18.Bf5 Rb8 19.h4 Bc6 20.hxg5 hxg5 21.Nf3 Rab6 22.Nxg5 Rxb2
23.Qxb2 Rxb2 24.Kxb2 Nb6 25.Bd3 Be4 26.Nxe4 Nxe4 27.Bh4 Qb7 28.Kc1 Na4 29.Rd2 Nxd2
30.Kxd2 Qb2+ 31.Bc2 Qc3+  0-1

[Event "Tanta op"]
[Site "Tanta"]
[Date "1997.??.??"]
[Round "7"]
[White "Rahman, Yehya"]
[Black "Taleb, Moussa"]
[Result "1-0"]
[WhiteElo "2345"]
[BlackElo "2265"]

1.d4 Nf6 2.c4 e6 3.Nc3 Bb4 4.Qc2 O-O 5.a3 Bxc3+ 6.Qxc3 b6 7.Bg5 Bb7 8.f3 d5
9.e3 Nbd7 10.Nh3 c5 11.Bd3 cxd4 12.exd4 dxc4 13.Bxc4 Rc8 14.Qd3 Qc7 15.Bb3 Qd6
16.Rd1 Bd5 17.Bf4 Qe7 18.O-O Bxb3 19.Qxb3 Nd5 20.Bg3 N7f6 21.Rfe1 Rc6 22.Ng5 Rfc8
23.Re2 h6 24.Nh3 Qb7 25.Nf4 Nxf4 26.Bxf4 Qa6 27.Red2 Nd5 28.Bg3 Rc1 29.h3 Rxd1+
30.Qxd1 Rc4 31.Kh2 b5 32.Qe2 Qc6 33.f4 g6 34.Qf2 a5 35.Qe2 b4 36.axb4 axb4
37.Qe5 Rc2 38.Rf2 Rxf2 39.Bxf2 Qc2 40.Bh4 Qxb2 41.Qb8+ Kh7 42.Bg3 Qc2 43.f5 gxf5
44.Be5 f6 45.Bd6 f4 46.Qf8 Kg6 47.Qg8+ Kh5 48.Qg4+  1-0

[Event "DEN-chJ int"]
[Site "Tingkaerskolen"]
[Date "1997.??.??"]
[Round "8"]
[White "Carstensen, Jacob"]
[Black "Godlauskas, Kazys"]
[Result "0-1"]
[WhiteElo "2180"]
[BlackElo "2165"]

1.d4 Nf6 2.c4 e6 3.Nc3 Bb4 4.Qc2 O-O 5.a3 Bxc3+ 6.Qxc3 b6 7.Bg5 Bb7 8.f3 d5
9.e3 Nbd7 10.Bd3 h6 11.Bh4 c5 12.cxd5 exd5 13.Ne2 Re8 14.O-O Rc8 15.Rad1 Qe7
16.Bf2 Nf8 17.Ng3 Ne6 18.Nf5 Qf8 19.Qd2 g6 20.Ng3 Kh7 21.Ne2 a6 22.g4 Rcd8
23.h4 Bc8 24.h5 Ng5 25.Bh4 Qe7 26.Nf4 Qxe3+ 27.Qxe3 Rxe3 28.hxg6+ fxg6 29.Bxg6+ Kg7
30.Bb1 Nxf3+ 31.Rxf3 Rxf3 32.Nh5+ Kf7 33.Kg2 Bxg4 34.Nxf6 Rxf6 35.Bxf6 Kxf6
36.Rf1+ Ke6 37.Bd3 Rg8 38.Kh2 c4 39.Bc2 Rg5 40.Re1+ Kd7 41.Rf1 Ke7 42.Re1+ Be6
43.Re3 h5 44.Bd1 h4 45.Be2 Kd6 46.b3 b5 47.a4 Rf5 48.axb5 axb5 49.bxc4 bxc4
50.Bf3 Rf4  0-1

[Event "Tingkaerskolen op-B"]
[Site "Tingkaerskolen"]
[Date "1997.??.??"]
[Round "8"]
[White "Galkiewicz, Dariusz"]
[Black "Bakker, Sven"]
[Result "1/2-1/2"]
[WhiteElo "2125"]
[BlackElo "2080"]

1.d4 Nf6 2.c4 e6 3.Nc3 Bb4 4.Qc2 O-O 5.a3 Bxc3+ 6.Qxc3 b6 7.Bg5 Bb7 8.e3 d6
9.f3 h6 10.Bh4 Nbd7 11.Nh3 e5 12.d5 Re8 13.Be2 Nf8 14.O-O  1/2-1/2

[Event "Nordic Grand Prix"]
[Site "Torshavn"]
[Date "1997.??.??"]
[Round "7"]
[White "Karason, Askell O"]
[Black "Fries Nielsen, Niels Jorgen"]
[Result "1-0"]
[WhiteElo "2245"]
[BlackElo "2405"]

1.d4 Nf6 2.c4 e6 3.Nc3 Bb4 4.Qc2 O-O 5.a3 Bxc3+ 6.Qxc3 Ne4 7.Qc2 f5 8.Nh3 Nc6
9.e3 d6 10.f3 Nf6 11.Bd3 e5 12.dxe5 dxe5 13.Bxf5 e4 14.Bxc8 Rxc8 15.O-O exf3
16.Rxf3 Ne5 17.Rf4 c5 18.Nf2 Ng6 19.Rf3 Ne5 20.Rh3 Qd7 21.b3 Rcd8 22.Bb2 Nd3
23.Rf3 Nxb2 24.Qxb2 Ng4 25.Rxf8+ Rxf8 26.Nxg4 Qxg4 27.Qd2 b6 28.Qd5+ Kh8
29.Rf1 Rxf1+ 30.Kxf1 h6 31.h3 Qg6 32.e4 Qf6+ 33.Kg1 Qc3 34.Kh2 Qxb3 35.e5 Qe3
36.e6 g6 37.Qd8+ Kg7 38.Qe7+ Kh8 39.Qf6+ Kh7 40.e7  1-0

[Event "Tunis op"]
[Site "Tunis"]
[Date "1997.??.??"]
[Round "2"]
[White "Mohamed, Esam Ahmed Nagib"]
[Black "Bischoff, Klaus"]
[Result "1/2-1/2"]
[WhiteElo "2460"]
[BlackElo "2535"]

1.d4 Nf6 2.c4 e6 3.Nc3 Bb4 4.Qc2 O-O 5.Bg5 h6 6.Bh4 c5 7.dxc5 Bxc5 8.Nf3 Be7
9.e4 Nc6 10.Be2 Qa5 11.O-O g5 12.Bg3 Nh5 13.a3 Nxg3 14.hxg3 g4 15.b4 Qc7
16.Nh2 h5 17.Rad1 a5 18.Nb5 Qe5 19.bxa5 Rxa5 20.Qd3 Bc5 21.Kh1 b6 22.f4 Qg7
23.e5 Ba6 24.Qxd7 Bxb5 25.cxb5 Ne7 26.Rd3 Rfa8 27.Rc3 Nf5 28.Rd1 Qf8 29.Nf1 R5a7
30.Qc6 Kg7 31.Bd3 Qd8 32.Rxc5 bxc5 33.Bc2 Nxg3+ 34.Nxg3 Qh4+ 35.Kg1 Qxg3
36.Qe4 Rh8 37.a4 Qc3 38.b6 Re7 39.b7 Qb4 40.Qxb4 cxb4 41.Be4 Rb8 42.Rb1 Rexb7
43.Bxb7 Rxb7 44.Rb3 h4 45.Kf2 Kg6 46.g3 hxg3+ 47.Kxg3 Kh5 48.a5 Rb5 49.a6 Ra5
50.Rxb4 Rxa6 51.Rc4 Ra3+ 52.Kg2 Re3 53.Ra4 Re4  1/2-1/2

[Event "Ubeda op"]
[Site "Ubeda"]
[Date "1997.??.??"]
[Round "2"]
[White "Buturin, Vladimir"]
[Black "Dgebuadze, Alexandre"]
[Result "1/2-1/2"]
[WhiteElo "2465"]
[BlackElo "2415"]

1.d4 e6 2.c4 Nf6 3.Nc3 Bb4 4.Qc2 O-O 5.a3 Bxc3+ 6.Qxc3 b6 7.Bg5 Bb7 8.e3 d6
9.f3 Nbd7 10.Nh3 h6 11.Bh4 e5 12.Be2 Re8 13.O-O Qe7 14.Bf2 Nf8 15.Kh1 a5
16.b3 c5 17.dxe5 dxe5 18.Rfd1 Rad8 19.Bg3 Ng6 20.Ra2 Rxd1+ 21.Bxd1 Bc8 22.Ng1 h5
23.Rd2 h4 24.Bf2 e4 25.h3 Bf5 26.Bc2  1/2-1/2

[Event "JUG Cup"]
[Site "Ulcinj"]
[Date "1997.??.??"]
[Round "?"]
[White "Drasko, Milan"]
[Black "Vratonjic, Slobodan"]
[Result "0-1"]
[WhiteElo "2555"]
[BlackElo "2435"]

1.d4 Nf6 2.c4 e6 3.Nc3 Bb4 4.Qc2 O-O 5.a3 Bxc3+ 6.Qxc3 b6 7.Bg5 Ba6 8.e3 d6
9.Bd3 Nbd7 10.Nf3 h6 11.Bh4 c5 12.O-O cxd4 13.exd4 Rc8 14.Qb4 e5 15.Nd2 exd4
16.Qxd6 Nc5 17.Qxd8 Rcxd8 18.Bf5 Bc8 19.Bxf6 gxf6 20.Bxc8 Rxc8 21.Rad1 Na4
22.b3 Nc3 23.Rde1 Rfe8 24.g3 Re6 25.Kg2 Rce8 26.Nf3 Rxe1 27.Rxe1 Rxe1 28.Nxe1 Nb1
29.Kf3 Nd2+ 30.Ke2 Nxb3 31.Kd3 Kf8 32.Nf3 Ke7 33.Nxd4 Nxd4 34.Kxd4 Kd6 35.g4 f5
36.gxf5 f6 37.a4 Kc6 38.f4 Kd6 39.Kd3 Kc5 40.Kc3 h5 41.Kb3 h4 42.Kc3 h3 43.Kb3 a6
44.a5 bxa5 45.Ka4 Kxc4 46.Kxa5 Kd4 47.Kxa6 Ke4 48.Kb5 Kxf5  0-1

[Event "Clarin GP op"]
[Site "Villa Martelli"]
[Date "1997.??.??"]
[Round "7"]
[White "Llanos, Guillermo"]
[Black "Servat, Roberto"]
[Result "1-0"]
[WhiteElo "2360"]
[BlackElo "2460"]

1.d4 Nf6 2.c4 e6 3.Nc3 Bb4 4.Qc2 O-O 5.a3 Bxc3+ 6.Qxc3 b6 7.Nf3 Bb7 8.e3 d6
9.b4 Nbd7 10.Bb2 a5 11.Be2 axb4 12.axb4 Rxa1+ 13.Bxa1 Qe7 14.O-O Ra8 15.Bb2 Qd8
16.Qb3 Ra7 17.Ra1 Rxa1+ 18.Bxa1 Qa8 19.Bb2 c5 20.bxc5 bxc5 21.Qa3 Qc8 22.dxc5 Nxc5
23.Nd4 h6 24.Nb5 Qc6 25.Bf3 Qb6 26.Bxb7 Qxb7 27.Nxd6 Qc6 28.Bd4 Nfd7 29.Nb5 Ne4
30.Qc1 f5 31.Ba7 Ndc5 32.Qc2 Nf6 33.h3 Nce4 34.f3 Ng5 35.e4  1-0

[Event "Villalba op"]
[Site "Villalba"]
[Date "1997.??.??"]
[Round "1"]
[White "Garcia Cervigon, Cecilio"]
[Black "Pogorelov, Ruslan"]
[Result "0-1"]
[WhiteElo "1950"]
[BlackElo "2440"]

1.d4 Nf6 2.c4 e6 3.Nc3 Bb4 4.Qc2 O-O 5.e3 c5 6.Ne2 Nc6 7.a3 Bxc3+ 8.Qxc3 Ne4
9.Qd3 Qa5+ 10.Bd2 Nxd2 11.Qxd2 Qxd2+ 12.Kxd2 b6 13.Rc1 Ba6 14.Rc3 Rac8 15.b3 f5
16.g3 cxd4 17.Nxd4 Nxd4 18.exd4 Bb7 19.Rg1 f4 20.g4 f3 21.Re3 Rf4 22.Kc3 a5
23.Bd3 b5 24.Rg3 Bd5 25.Kd2 bxc4 26.Bxc4 Bxc4 27.bxc4 Rxc4 28.Rexf3 Rcxd4+
29.Ke2 Rxg4 30.Rh3 Rge4+ 31.Kf1 Rd1+ 32.Kg2 Rg4+  0-1

[Event "Zagorovsky mem op"]
[Site "Voronezh"]
[Date "1997.??.??"]
[Round "?"]
[White "Sergienko, Sergey"]
[Black "Tunik, Gennady"]
[Result "0-1"]
[WhiteElo "2425"]
[BlackElo "2460"]

1.d4 Nf6 2.c4 e6 3.Nc3 Bb4 4.Qc2 O-O 5.a3 Bxc3+ 6.Qxc3 b6 7.Bg5 Bb7 8.e3 d6
9.f3 Nbd7 10.Bd3 c5 11.Ne2 Rc8 12.O-O h6 13.Bh4 Re8 14.Qb3 cxd4 15.exd4 d5
16.c5 e5 17.cxb6 Qxb6 18.Qxb6 axb6 19.dxe5 Nxe5 20.Bf5 Rc4 21.Bxf6 gxf6 22.b3 Rc5
23.Ng3 Bc8 24.Rad1 Be6 25.Rfe1 Kf8 26.Bb1 Rc3 27.f4 Ng4 28.Nf1 f5 29.Rd3 Rec8
30.Rxc3 Rxc3 31.Nd2 Nf6 32.Nf3 Nh5 33.Nd4 Nxf4 34.Rd1 h5 35.a4 h4 36.Kf2 h3
37.g3 Ng2 38.Rd2 Ne3 39.Ne2 Ng4+ 40.Ke1 Nxh2 41.Nxc3 Nf3+ 42.Kf2 Nxd2  0-1

[Event "Zagorovsky mem"]
[Site "Voronezh"]
[Date "1997.??.??"]
[Round "?"]
[White "Vladimirov, Boris T"]
[Black "Sanakoev, Grigory"]
[Result "1/2-1/2"]
[WhiteElo "2370"]
[BlackElo "2270"]

1.d4 Nf6 2.c4 e6 3.Nc3 Bb4 4.Qc2 O-O 5.Nf3 b6 6.a3 Bxc3+ 7.Qxc3 Bb7 8.g3 d6
9.Bg2 Nbd7 10.O-O Qe7 11.Bg5 h6 12.Bxf6  1/2-1/2

[Event "Zagorovsky mem op"]
[Site "Voronezh"]
[Date "1997.??.??"]
[Round "?"]
[White "Sergienko, Sergey"]
[Black "Volodin, Alexey"]
[Result "1-0"]
[WhiteElo "2425"]
[BlackElo "2295"]

1.d4 e6 2.c4 Nf6 3.Nc3 Bb4 4.Qc2 O-O 5.a3 Bxc3+ 6.Qxc3 b6 7.Bg5 c5 8.dxc5 bxc5
9.e3 d6 10.Bd3 Nbd7 11.Nh3 Qb6 12.O-O h6 13.Bh4 Rb8 14.Rab1 Ba6 15.b3 Bb7
16.f3 a5 17.Rfd1 a4 18.bxa4 Qc6 19.Bg3 e5 20.Bc2 Rfd8 21.Nf2 Nf8 22.Rb2 Ba6
23.Rdb1 Rxb2 24.Rxb2 N8d7 25.a5 d5 26.cxd5 Nxd5 27.Qe1 c4 28.e4 Nc7 29.Nd1 Ne6
30.Bf2 Nd4 31.Nc3 Qd6 32.Qa1 Qc5 33.Bd1 Qxa5 34.Rb4 Nc5 35.Nd5 Bb7 36.Qc3 Ba6
37.Rb8 Rxb8 38.Qxa5 Rb1 39.Bxd4  1-0

[Event "Wuerzburg op"]
[Site "Wuerzburg"]
[Date "1997.??.??"]
[Round "7"]
[White "Kniest, Oliver"]
[Black "Rehm, Manfred"]
[Result "1-0"]
[WhiteElo "2220"]
[BlackElo "2025"]

1.d4 Nf6 2.c4 e6 3.Nc3 Bb4 4.Qc2 O-O 5.a3 Bxc3+ 6.Qxc3 b6 7.Bg5 Bb7 8.e3 h6
9.Bh4 d6 10.f3 Nbd7 11.Bd3 Re8 12.Ne2 e5 13.O-O g5 14.Be1 Nh5 15.Bc2 Qf6
16.d5 Nf8 17.Qd3 Bc8 18.Bc3 Qe7 19.g4 Nf6 20.Ng3 Ng6 21.Rae1 Nh4 22.Nh5 Ng6
23.Nxf6+ Qxf6 24.f4 gxf4 25.exf4 Nxf4 26.Qg3 Qg5 27.Rxf4 Bd7 28.Rf2  1-0

[Event "Weihnachts op-M 21th"]
[Site "Zuerich"]
[Date "1997.??.??"]
[Round "?"]
[White "Kelecevic, Nedeljko"]
[Black "Arquint, Andri"]
[Result "1-0"]
[WhiteElo "2435"]
[BlackElo "2160"]

1.d4 Nf6 2.c4 e6 3.Nc3 Bb4 4.Qc2 O-O 5.Bg5 d6 6.e3 Nbd7 7.Bd3 Qe8 8.Ne2 a6
9.O-O Bxc3 10.Nxc3 h6 11.Bh4 c6 12.b4 b6 13.Na4 Bb7 14.c5 dxc5 15.dxc5 b5
16.Nc3 Nd5 17.a3 Nxc3 18.Qxc3 f6 19.Bg3 e5 20.Rad1 f5 21.Bc2 Qe7 22.Rd6 Rae8
23.Bb3+ Kh8 24.f3 Rf6 25.Rfd1 Rxd6 26.Rxd6 Nf8 27.f4 Kh7 28.fxe5 Qg5 29.Qd3 Ng6
30.Bf7 Nxe5 31.Bxe5 Rxe5 32.Bg6+ Qxg6 33.Rxg6  1-0

[Event "Excelsior Cup"]
[Site "Gothenburg"]
[Date "1998.01.07"]
[Round "1"]
[White "Ziegler, Ari"]
[Black "Hansen, Sune Berg"]
[Result "0-1"]
[WhiteElo "2440"]
[BlackElo "2490"]

1.d4 Nf6 2.c4 e6 3.Nc3 Bb4 4.Qc2 O-O 5.a3 Bxc3+ 6.Qxc3 b6 7.Bg5 Ba6 8.e3 d6
9.Bd3 Nbd7 10.Nf3 c5 11.O-O Rc8 12.b3 cxd4 13.exd4 b5 14.Qb4 bxc4 15.Bxc4 Bxc4
16.bxc4 Rc6 17.Rac1 Qc7 18.Nd2 Nd5 19.Qb3 h6 20.Be3 Rb8 21.Qd3 Rc8 22.Rc2 N5f6
23.f4 Qa5 24.Rb2 Qa6 25.Qb1 Qxa3 26.Rf3 Ra6 27.h3 Qa1 28.Rf1 Qxb1 29.Rbxb1 Nb6
30.Rb4 Ra3 31.Bf2 Ra2 32.c5 Rxd2 33.cxb6 axb6  0-1

[Event "Excelsior Cup"]
[Site "Gothenburg"]
[Date "1998.01.10"]
[Round "4"]
[White "Ziegler, Ari"]
[Black "Gavrikov, Viktor"]
[Result "0-1"]
[WhiteElo "2440"]
[BlackElo "2575"]

1.d4 Nf6 2.c4 e6 3.Nc3 Bb4 4.Qc2 O-O 5.a3 Bxc3+ 6.Qxc3 Ne4 7.Qc2 f5 8.Nh3 d6
9.f3 Nf6 10.e3 e5 11.dxe5 dxe5 12.Nf2 a5 13.b3 Nc6 14.Bb2 f4 15.Rd1 Qe7 16.exf4 exf4+
17.Be2 Re8 18.Rd2 Qc5 19.Bxf6 gxf6 20.Ne4 Qe7 21.Qb2 Ne5 22.O-O Bf5 23.Kh1 Rad8
24.Qc1 Bxe4 25.fxe4 Rxd2 26.Qxd2 Qxa3 27.Qxf4 Rf8 28.Qg3+ Kh8 29.Qh3 Qb2
30.Qh6 Kg8 31.Qe3 Qa3 32.Qg3+ Kh8 33.Qh3 Qe7 34.Bg4 a4 35.bxa4 Nxc4 36.Qh6 Ne5
37.Bf5 Qg7 38.Qd2 Rg8 39.Be6 Ra8 40.Qd5 Re8 41.Bf5 c6 42.Qd4 Qe7 43.Rd1 c5
44.Qc3 c4 45.Rd5 Ra8 46.g4 Rd8 47.Qh3 Rg8 48.Qh4 Rg7 49.h3 c3 50.Qh6 b6 51.a5 bxa5
52.Rxa5 Qd8 53.Rd5 Qb6 54.Bxh7 Nf7 55.Qc1 Rxh7 56.Qxc3 Qe6 57.Kh2 Kg8 58.Rf5 Rh6
59.Qe3 Ng5 60.Rxg5+ fxg5 61.Qxg5+ Rg6 62.Qf5 Rf6 63.Qg5+ Kf7  0-1

[Event "Calcutta Goodricke op"]
[Site "Calcutta"]
[Date "1998.02.07"]
[Round "2"]
[White "Dao Thien Hai"]
[Black "Suvrajit, Saha"]
[Result "1/2-1/2"]
[WhiteElo "2530"]
[BlackElo "2375"]

1.d4 Nf6 2.c4 e6 3.Nc3 Bb4 4.Qc2 O-O 5.a3 Bxc3+ 6.Qxc3 d6 7.Bg5 h6 8.Bh4 g5
9.Bg3 Ne4 10.Qc2 f5 11.e3 Qf6 12.O-O-O Nc6 13.f3 Nxg3 14.hxg3 e5 15.Ne2 exd4
16.exd4 Bd7 17.Qd2 Kg7 18.Nc3 Ne7 19.Kb1 c6 20.Ka1 Rfe8 21.g4 d5 22.gxf5 Nxf5
23.cxd5 cxd5 24.Nxd5 Qd6 25.Nc3 Ne3 26.Ne4 Rxe4 27.fxe4 Nxd1 28.Qxd1 Re8
29.Qd3 Qf4 30.Qb3 Qxe4 31.Bc4 b5 32.Bxb5 Rb8 33.Bc6 Rxb3 34.Bxe4 Re3 35.Ba8 Rd3
36.d5 Ba4 37.d6  1/2-1/2

[Event "Calcutta Goodricke op"]
[Site "Calcutta"]
[Date "1998.02.07"]
[Round "2"]
[White "Subbaraman, Vijayalakshmi"]
[Black "Levitt, Jonathan"]
[Result "0-1"]
[WhiteElo "2325"]
[BlackElo "2425"]

1.d4 e6 2.c4 Nf6 3.Nc3 Bb4 4.Qc2 O-O 5.a3 Bxc3+ 6.Qxc3 b6 7.e3 d6 8.f3 c5
9.Bd3 cxd4 10.exd4 Ba6 11.b4 Nbd7 12.b5 Bb7 13.Ne2 Rc8 14.Qb2 d5 15.cxd5 Bxd5
16.O-O Bc4 17.Bxc4 Rxc4 18.Bg5 Qa8 19.Rac1 Rfc8 20.Rxc4 Rxc4 21.Rc1 Qd5 22.Be3 Rxc1+
23.Nxc1 Qc4 24.Qb3 Qc7 25.Nd3 Nd5 26.Bd2 h6 27.a4 g5 28.Nb2 Nf4 29.Bxf4 Qxf4
30.Qc3 Nf6 31.g3 Qf5 32.Qd3 Qd5 33.Nc4 Kg7 34.g4 Nd7 35.Qc3 Kg8 36.Kf2 Kf8
37.Ne3 Qa2+ 38.Qc2 Qxc2+ 39.Nxc2 Ke7 40.Nb4 Kd6 41.Ke3 Nf6 42.Kd3 h5 43.gxh5 Nxh5
44.Nc6 Nf4+ 45.Kd2 a5 46.Ne5 Ke7 47.Nc6+ Ke8 48.Ne5 Nd5 49.Nc4 Ke7 50.Ne3 Kf6
51.Nxd5+ exd5 52.Ke2 Kf5 53.Ke3 g4 54.Kf2 Kf4 55.fxg4 Kxg4 56.Kg2 Kf4 57.h3 f6
58.Kf2 f5 59.Kg2 Ke3 60.h4 Kxd4 61.Kf3 Ke5 62.Ke3 d4+ 63.Kd3 f4 64.h5 f3
65.h6 Kf6 66.Kxd4 f2 67.h7 Kg7 68.Kd5 f1=Q 69.Kc6 Qf2  0-1

[Event "Calcutta Goodricke op"]
[Site "Calcutta"]
[Date "1998.02.11"]
[Round "6"]
[White "Dao Thien Hai"]
[Black "Levitt, Jonathan"]
[Result "1/2-1/2"]
[WhiteElo "2530"]
[BlackElo "2425"]

1.d4 Nf6 2.c4 e6 3.Nc3 Bb4 4.Qc2 O-O 5.a3 Bxc3+ 6.Qxc3 b6 7.Bg5 Ba6 8.e3 d6
9.Bd3 Nbd7 10.Nf3 c5 11.O-O cxd4 12.exd4 Rc8 13.Qb4 d5 14.b3 dxc4 15.bxc4 Bb7
16.Be2 Qc7 17.Rac1 h6 18.Bh4 Nh5 19.Qd2 Qf4 20.Rfd1 g5 21.Bg3 Nxg3 22.hxg3 Qxd2
23.Nxd2 Rc7 24.a4 Rfc8 25.Ra1 Nf6  1/2-1/2

[Event "AUT-chT2S 9798"]
[Site "Austria"]
[Date "1998.03.13"]
[Round "9"]
[White "Beck, Hartmuth"]
[Black "Ceschia, Ivano"]
[Result "0-1"]
[WhiteElo "2225"]
[BlackElo "2315"]

1.d4 Nf6 2.c4 e6 3.Nc3 Bb4 4.Qc2 O-O 5.a3 Bxc3+ 6.Qxc3 b6 7.Bg5 h6 8.Bh4 d5
9.e3 Ba6 10.cxd5 Bxf1 11.Kxf1 exd5 12.Bxf6 Qxf6 13.Qxc7 Nc6 14.Ne2 Rac8 15.Qf4 Qg6
16.Qf3 Qc2 17.g3 Na5 18.Kg2 Nb3 19.Ra2 Nd2 20.Qxd5 Rfd8 21.Qb5 Qe4+  0-1

[Event "DEN-chT 9798"]
[Site "Denmark"]
[Date "1998.03.14"]
[Round "6"]
[White "Schandorff, Lars"]
[Black "Greger, Roland"]
[Result "1-0"]
[WhiteElo "2510"]
[BlackElo "2310"]

1.d4 Nf6 2.c4 e6 3.Nc3 Bb4 4.Qc2 O-O 5.a3 Bxc3+ 6.Qxc3 d5 7.Nf3 dxc4 8.Qxc4 Nc6
9.Bg5 Qd6 10.Rd1 Ne4 11.Bh4 Ne7 12.Qc2 Qc6 13.Rc1 Qxc2 14.Rxc2 Nd5 15.e3 f6
16.Bd3 Nd6 17.Bg3 Rf7 18.e4 Nb6 19.O-O Ne8 20.Rfc1 c6 21.b3 g5 22.h3 h6 23.Rd2 Re7
24.Nh2 Bd7 25.f3 Rd8 26.Bf2 Nc7 27.a4 Be8 28.Be2 Kg7 29.Rdc2 Na6 30.Bxa6 bxa6
31.Nf1 Rb7 32.Rc5 Na8 33.R1c3 Rdb8 34.Nd2 Rb4 35.Kf1 R8b7 36.Ke2 Bd7 37.Kd3 f5
38.Kc2 Be8 39.Bg3 Kg8 40.Be5 Nb6 41.Ra5 Nd7 42.Rxa6 fxe4 43.Nxe4 Bg6 44.Raxc6 Bxe4+
45.fxe4 Nxe5 46.dxe5 Rxe4 47.Rc8+ Kg7 48.R8c7+ Rxc7 49.Rxc7+ Kg6 50.Kd3 Rb4
51.Kc3 a5 52.Rc5 g4 53.Rxa5 gxh3 54.gxh3 Rh4 55.Rc5 Rxh3+ 56.Kb4 h5 57.a5 h4
58.a6 Rf3 59.a7 Rf8 60.Ra5 Ra8 61.Kb5 h3 62.Kb6 h2 63.Ra1  1-0

[Event "POL-ch"]
[Site "Ksiaz"]
[Date "1998.03.20"]
[Round "8"]
[White "Sapis, Witalis"]
[Black "Grabarczyk, Miroslaw"]
[Result "1/2-1/2"]
[WhiteElo "2375"]
[BlackElo "2505"]

1.d4 Nf6 2.c4 e6 3.Nc3 Bb4 4.Qc2 O-O 5.a3 Bxc3+ 6.Qxc3 b6 7.g3 Bb7 8.Nf3 d6
9.Bg2 Nbd7 10.O-O Qe7 11.b3 Rae8 12.Bb2 Ne4 13.Qc2 f5 14.Ne1 c5 15.Nd3 Rc8
16.f3 Nef6 17.dxc5 bxc5 18.b4 d5 19.bxc5 Nxc5 20.cxd5 Nxd5 21.Bd4 Nxd3 22.Qxd3 Rfd8
23.Rfc1 e5 24.Bxa7 Nf4 25.Qe3 Nxg2 26.Kxg2 h6 27.Bb6 Re8 28.a4 Qf6 29.Rxc8 Rxc8
30.Rd1 Kh8 31.Rd7 Bc6 32.Rc7 Rxc7 33.Bxc7 Bxa4 34.Bxe5 Qg6 35.Qc5 Bb3 36.Bc3 Bg8
37.Qe5 Kh7 38.Bd2 Bc4 39.Kf2 Qf7 40.h4 Bb3 41.Bc3 Bc4  1/2-1/2

[Event "JUG-ch53"]
[Site "Belgrade "]
[Date "1998.03.23"]
[Round "10"]
[White "Drasko, Milan"]
[Black "Knezevic, Bojan"]
[Result "1-0"]
[WhiteElo "2515"]
[BlackElo "2420"]

1.d4 Nf6 2.c4 e6 3.Nc3 Bb4 4.Qc2 O-O 5.a3 Bxc3+ 6.Qxc3 b6 7.Bg5 c5 8.dxc5 bxc5
9.e3 d6 10.Nf3 Nbd7 11.Nd2 a5 12.Bd3 Bb7 13.O-O Re8 14.Rfe1 a4 15.f3 Ne5
16.Bf1 Ng6 17.Rad1 Ra6 18.f4 h6 19.Bxf6 Qxf6 20.Qxf6 gxf6 21.Nb1 Kf8 22.Nc3 Ke7
23.Rd2 f5 24.g3 Nf8 25.Bg2 Bxg2 26.Kxg2 Nd7 27.e4 fxe4 28.Nxe4 f5 29.Nc3 Nf6
30.Rde2 Kd7 31.Kh3 Raa8 32.Kh4 Re7 33.Rd1 Ra7 34.Rxd6+ Kxd6 35.Nb5+ Kd7 36.Nxa7 Ne4
37.Nb5 Kc6 38.Kh5 Rd7 39.Kxh6 Rd2 40.Rxd2 Nxd2 41.Nc3 Nxc4 42.Nxa4  1-0

[Event "JUG-ch53"]
[Site "Belgrade "]
[Date "1998.03.26"]
[Round "12"]
[White "Ivanisevic, Ivan"]
[Black "Pavlovic, Milos2"]
[Result "1/2-1/2"]
[WhiteElo "2460"]
[BlackElo "2190"]

1.d4 Nf6 2.c4 e6 3.Nc3 Bb4 4.Qc2 O-O 5.a3 Bxc3+ 6.Qxc3 b6 7.Bg5 Bb7 8.e3 d6
9.Nf3 Nbd7 10.Bd3 c5 11.dxc5 Nxc5 12.Bc2 Rc8 13.Nd2 d5 14.Bxf6 Qxf6 15.Qxf6 gxf6
16.cxd5 Bxd5 17.b4 Nd7 18.Be4 Bc6 19.O-O Ne5 20.Bxc6 Rxc6 21.Nb3 Rc3 22.Nd4 a6
23.h3 Rfc8 24.Rfd1 Rd3 25.b5 axb5 26.Nxb5 Rc2 27.a4 Rdd2 28.Nd4 Ra2 29.Rxa2 Rxa2
30.Rb1 Rxa4  1/2-1/2

[Event "Hampstead IM"]
[Site "Hampstead"]
[Date "1998.03.31"]
[Round "9"]
[White "Dearing, Eddie"]
[Black "Aagaard, Jacob"]
[Result "1/2-1/2"]
[WhiteElo "2295"]
[BlackElo "2395"]

1.d4 Nf6 2.c4 e6 3.Nc3 Bb4 4.Qc2 O-O 5.a3 Bxc3+ 6.Qxc3 b6 7.Bg5 Ba6 8.e3 d6
9.Bd3 Nbd7 10.Nf3 c5 11.O-O Qc7 12.dxc5 Qxc5 13.Rac1 Rac8  1/2-1/2

[Event "Dreifluesse op"]
[Site "Passau"]
[Date "1998.04.11"]
[Round "3"]
[White "Gerstenhauer, Doreen"]
[Black "Hobelsberger, Johann"]
[Result "1-0"]
[WhiteElo "2025"]
[BlackElo "1700"]

1.c4 Nf6 2.Nc3 e6 3.d4 Bb4 4.Qc2 O-O 5.a3 Bxc3+ 6.Qxc3 d5 7.e3 Ne4 8.Qc2 c5
9.dxc5 Nxc5 10.b4 Ncd7 11.Nf3 Nf6 12.Bb2 Nbd7 13.Be2 b6 14.cxd5 Nxd5 15.O-O Bb7
16.Rfd1 Rc8 17.Qb3 Qe7 18.Rd2 Rfd8 19.Rad1 N5f6 20.h3 Ne4 21.Rd4 h6 22.Qa4 Rc7
23.Ne5 Nef6 24.Bb5 Bd5 25.Nxd7 Rdxd7 26.Bxd7 Nxd7 27.e4 Bc6 28.Qb3 Qg5 29.R1d3 g6
30.Rg3 Qe7 31.Qd3 Nf8 32.Qc3 Bxe4 33.Rc4  1-0

[Event "Dreifluesse op"]
[Site "Passau"]
[Date "1998.04.12"]
[Round "6"]
[White "Gottschlich, Carsten"]
[Black "Wrtal, Axel"]
[Result "1-0"]
[WhiteElo "2240"]
[BlackElo "2045"]

1.d4 Nf6 2.c4 e6 3.Nc3 Bb4 4.Qc2 O-O 5.a3 Be7 6.Nf3 d6 7.e4 c5 8.e5 Ne8 9.exd6 Bxd6
10.dxc5 Bxc5 11.Bd3 Nf6 12.O-O Bd7 13.Ne4 Be7 14.Nxf6+ Bxf6 15.Bxh7+ Kh8
16.Be4 Bc6 17.Be3 Qc7 18.Rad1 Nd7 19.Bd4 Rfd8 20.Qe2 Bxe4 21.Qxe4 Bxd4 22.Rxd4 Nf6
23.Qh4+ Kg8 24.Rfd1 Rxd4 25.Qxd4 a6 26.b4 Rc8 27.Ne5 b5 28.c5 Nd5 29.Nf3 a5
30.Ng5 Qe7 31.Qh4 Nf6 32.Rd3 Rd8 33.Rxd8+ Qxd8 34.Qh8+ Kxh8 35.Nxf7+ Kg8
36.Nxd8 axb4 37.axb4 Nd5 38.Nc6 Kf7 39.g3 Ke8 40.Kg2 Kd7 41.Ne5+ Kc7 42.Nd3 Kc6
43.Kf3 Nf6 44.h4 Kd5 45.Nf4+ Kc4 46.c6 Ne8 47.Nxe6  1-0

[Event "Zepter op"]
[Site "Minsk"]
[Date "1998.04.30"]
[Round "6"]
[White "Shishkin, Vadim"]
[Black "Volzhin, Alexander"]
[Result "1/2-1/2"]
[WhiteElo "2415"]
[BlackElo "2510"]

1.d4 Nf6 2.c4 e6 3.Nc3 Bb4 4.Qc2 O-O 5.a3 Bxc3+ 6.Qxc3 b6 7.Bg5 Ba6 8.e3 d6
9.Bd3 Nbd7 10.Nf3 c5 11.O-O Rc8 12.Qb3 h6 13.Bh4 cxd4 14.exd4 Qc7 15.Rac1 Nh5
16.Be7 Nc5 17.dxc5 Qxe7 18.cxb6 axb6 19.Qxb6 Nf4 20.Qxa6 Nxd3 21.Rc2 d5 22.Ne1 Nc5
23.Qa5 Nb3 24.Qb6 dxc4 25.Nf3 Rfd8 26.h3 Qf6 27.Re1 Rb8 28.Qe3 Na5 29.Ne5 Qf5
30.Qe2 Rd4 31.Rc3 Rbd8 32.Nxc4 Nxc4 33.Rxc4 Rd2 34.Rc8 Qg5 35.Rxd8+ Qxd8
36.Qe5 Qd3 37.Rc1 Qb3 38.Qe4 f5 39.Qc4 Qxc4 40.Rxc4 Rxb2 41.f4 Kf7 42.h4  1/2-1/2

[Event "Boca Juniors op"]
[Site "Buenos Aires"]
[Date "1998.05.11"]
[Round "5"]
[White "Llanos, Guillermo"]
[Black "Gomez Baillo, Jorge H"]
[Result "1/2-1/2"]
[WhiteElo "2370"]
[BlackElo "2440"]

1.d4 e6 2.c4 Nf6 3.Nc3 Bb4 4.Qc2 O-O 5.a3 Bxc3+ 6.Qxc3 b6 7.Nf3 d6 8.e3 Nbd7
9.b4 c5 10.Bb2 Bb7 11.Be2 Qe7  1/2-1/2

[Event "Beijing sim"]
[Site "Beijing"]
[Date "1998.05.13"]
[Round "?"]
[White "Wang Lei"]
[Black "Karpov, Anatoly"]
[Result "1/2-1/2"]
[WhiteElo "2390"]
[BlackElo "2735"]

1.d4 Nf6 2.c4 e6 3.Nc3 Bb4 4.Qc2 O-O 5.a3 Bxc3+ 6.Qxc3 b6 7.Bg5 Bb7 8.e3 d6
9.Nf3 Nbd7 10.Nd2 c5 11.f3 Rc8 12.dxc5 Rxc5 13.Bh4 d5 14.b4 Rc8 15.Qb2 Re8
16.Be2 Qc7 17.O-O Qe5 18.Qxe5 Nxe5 19.Rfc1 Nfd7 20.cxd5 exd5 21.Bf2 Nb8 22.Bg3 f6
23.Kf2 Kf8 24.Nb3 Nbc6 25.Rc3 Ne7 26.Rac1 Rxc3 27.Rxc3 Rc8 28.Rxc8+ Nxc8
29.Nd4 Ke7 30.Ke1 Nd6 31.Nb5 Nxb5 32.Bxb5 Nc4 33.Bxc4 dxc4 34.Kd2  1/2-1/2

[Event "Voronezh op"]
[Site "Voronezh"]
[Date "1998.06.16"]
[Round "5"]
[White "Sergienko, Sergey"]
[Black "Sotnikov, Igor"]
[Result "1-0"]
[WhiteElo "2405"]
[BlackElo "2455"]

1.d4 Nf6 2.c4 e6 3.Nc3 Bb4 4.Qc2 O-O 5.a3 Bxc3+ 6.Qxc3 b6 7.Bg5 c5 8.dxc5 bxc5
9.Nf3 a5 10.e3 d6 11.Bd3 Nbd7 12.O-O-O Bb7 13.Rd2 Qc7 14.Rhd1 Ra6 15.Ne1 Be4
16.f3 Bxd3 17.Nxd3 a4 18.Nf2 Rb8 19.Qc2 Rb3 20.Rd3 Rb7 21.R1d2 Ne5 22.Rc3 Nfd7
23.Bf4 h6 24.Qd1 Rbb6 25.Ne4 f5 26.Nf2 Qb7 27.Bxe5 Nxe5 28.f4 Nd7 29.g4 Nf6
30.g5 Ne8 31.gxh6 gxh6 32.Qh5 Nf6 33.Qxh6 Qg7 34.Qh3 Rb3 35.Rxb3 axb3 36.e4 Qh7
37.Qxb3 Ra8 38.Qc3 Qh8 39.Rxd6  1-0

[Event "Keres mem op"]
[Site "Tallin"]
[Date "1998.06.19"]
[Round "6"]
[White "Zitin, Yuri"]
[Black "Veingold, Aleksandr"]
[Result "0-1"]
[WhiteElo "2195"]
[BlackElo "2475"]

1.d4 Nf6 2.c4 e6 3.Nc3 Bb4 4.Qc2 O-O 5.e4 d5 6.e5 Ne4 7.Bd3 c5 8.a3 Bxc3+
9.bxc3 Nc6 10.Nf3 cxd4 11.Bxe4 dxe4 12.Qxe4 dxc3 13.Ng5 g6 14.Nf3 f5 15.Qe3 Bd7
16.O-O Qa5 17.Rb1 Nd8 18.Rb3 Nf7 19.Rxc3 Bc6 20.Nd4 f4 21.Qe1 Nxe5 22.Nxc6 bxc6
23.c5 Qc7 24.Qe4 g5 25.h4 h6 26.Rc2 Rf5 27.Bb2 Rd8 28.g4 fxg3 29.fxg3 Nf7
30.Re1 Qxg3+ 31.Rg2 Qb3 32.Qxc6 Rd1 33.Rxd1 Qxd1+ 34.Kh2 Qe1 35.hxg5 Qh4+
36.Kg1 Qe1+ 37.Kh2 hxg5 38.Qa4 Kh7 39.Qg4 Rf1 40.Rg1 Qf2+ 41.Rg2 Nh6 42.Qh3 Qxc5
43.Bf6 Rxf6  0-1